000 00441nam a2200145Ia 4500
008 100122s9999 xx 000 0 und d
082 _b60976
_a1.642
100 _aMINHAS GURVINDAR
245 _aOPERATE COMPUTERS YOURSELF PART 4 (INTERNET)
260 _bDREAMLAND PUBLICATIONS
_c2000
300 _a127
630 _aOPERATE COMPUTERS YOURSELF PART 4 (INTERNET)
730 _aOPERATE COMPUTERS YOURSELF PART 4 (INTERNET)
942 _cBOOK
999 _c378145
_d378142